000 00728nam a22002537a 4500
001 2062
005 20240507141452.0
020 _a0590433660
040 _aFISKH
_beng
_cFISKH
_dFISKH
050 _aQL768.D67
082 _a591
100 _aDorros, Arthur
245 _aAnimal tracks /
_cWritten and illustrated by Arthur Dorros
260 _bScholastic,
_c1991
_aNew York :
300 _c21 x 26 cm
_a33 unnumbred pages :
505 _aK
520 _aIntroduces the tracks and signs left by various animals, including the raccoon, duck, frog, black bear, and human.
521 _a540
_bLexile
521 _aK
_bRaz-Plus
650 _aAnimals
650 _aWild Animals
650 _aAnimal prints
942 _2ddc
_cBK
_n0
999 _c2062
_d2062